000 00427nam a22001697a 4500
005 20240322064138.0
008 240322b |||||||| |||| 00| 0 eng d
020 _a9788189833213
082 _222
_a325.
_bIMP.
100 _aMagdoff, Harry.
245 _aImperialism Without Colonies :
_cHarry Magdoff.
250 _a1 st.
260 _aDelhi :
_bAakar Books /
_c2007.
300 _a152 p.,
650 _aHistorical.
942 _cL
999 _c604
_d604